Evaluación del control de cambios en Guatemala /

Analiza los efectos de la aplicación de restricciones cambiarias en la economía de Guatemala. Expone aspectos teóricos sobre controles cambiarios y señala las disposiciones de la ley monetaria que se refieren a dichas restricciones. Estudia el comportamiento de las variables económicas internas y ex...

Full description

Saved in:
Bibliographic Details
Main Author: González Arévalo, Carlos Humberto
Format: Thesis
Published: Guatemala: USAG
Subjects:
Tags: Add Tag
No Tags, Be the first to tag this record!

MARC

LEADER 00000 a a2200000 04500
001 19972
003
040 |a CRAI/IIS  |c CRAI/IIS 
090 |a 08148.00  
100 |a González Arévalo, Carlos Humberto  
245 |a Evaluación del control de cambios en Guatemala /  |c Carlos Humberto González Arévalo  
260 |a Guatemala:   |b USAG  
300 |a 132 páginas  
502 |a Tesis (Licenciado en Economía) -- Universidad de San Carlos de Guatemala. Facultad de Ciencias Económicas, 1970  
520 |a Analiza los efectos de la aplicación de restricciones cambiarias en la economía de Guatemala. Expone aspectos teóricos sobre controles cambiarios y señala las disposiciones de la ley monetaria que se refieren a dichas restricciones. Estudia el comportamiento de las variables económicas internas y externas durante 8 años previos a la aplicación del control cambiario aplicado desde 1962 y sus modificaciones. Expone las formas más usuales de burlar normas de cambio y fugar capitales del país. Evalua los efectos que el control de cambios ha tenido en la economía nacional./ACM  
650 |a CONTROL DE CAMBIOS  
650 |a POLITICA MONETARIA  
999 |c 17950  |d 17950